MARC details
| 000 -CABECERA |
| campo de control de longitud fija |
04591cam a2200385 i 4500 |
| 001 - NÚMERO DE CONTROL |
| campo de control |
21895017 |
| 005 - FECHA Y HORA DE LA ÚLTIMA TRANSACCIÓN |
| campo de control |
20251014183142.0 |
| 008 - DATOS DE LONGITUD FIJA--INFORMACIÓN GENERAL |
| campo de control de longitud fija |
210126e202009 cl b 000 0 spa |
| 010 ## - NÚMERO DE CONTROL DE LA BIBLIOTECA DEL CONGRESO |
| Número de control de LC |
2021358620 |
| 020 ## - NÚMERO INTERNACIONAL ESTÁNDAR DEL LIBRO |
| Número Internacional Estándar del Libro |
9789564001494 |
| 035 ## - NÚMERO DE CONTROL DEL SISTEMA |
| Número de control de sistema |
21895017 |
| 035 ## - NÚMERO DE CONTROL DEL SISTEMA |
| Número de control de sistema |
(PE-LiEIC)it201600008437 |
| 040 ## - FUENTE DE LA CATALOGACIÓN |
| Centro catalogador/agencia de origen |
DLC |
| Lengua de catalogación |
eng |
| Centro/agencia transcriptor |
DLC |
| Normas de descripción |
rda |
| 042 ## - CÓDIGO DE AUTENTICACIÓN |
| Código de autenticación |
pcc |
| 043 ## - CÓDIGO DE ÁREA GEOGRÁFICA |
| Código de área geográfica |
s-cl--- |
| 050 00 - SIGNATURA TOPOGRÁFICA DE LA BIBLIOTECA DEL CONGRESO |
| Número de clasificación |
KHF1789 |
| Número de documento/Ítem |
.D476 2020 |
| 082 ## - NÚMERO DE LA CLASIFICACIÓN DECIMAL DEWEY |
| Número de clasificación |
349.283 D431t 2020 |
| 245 00 - MENCIÓN DE TÍTULO |
| Título |
Derecho del trabajo y los efectos laborales de la crisis y emergencia sanitaria en Chile / |
| Mención de responsabilidad, etc. |
Álvaro Domínguez Montoya, Diego Rosas Bertín, coordinadores. |
| 250 ## - MENCIÓN DE EDICIÓN |
| Mención de edición |
1a. edición. |
| 300 ## - DESCRIPCIÓN FÍSICA |
| Extensión |
vi, 408 pag ; |
| Dimensiones |
25 cm. |
| 490 0# - MENCIÓN DE SERIE |
| Mención de serie |
Monografías |
| 504 ## - NOTA DE BIBLIOGRAFÍA, ETC. |
| Bibliografía, etc. |
Includes bibliographical references. |
| 505 0# - NOTA DE CONTENIDO CON FORMATO |
| Nota de contenido con formato |
Derecho del trabajo y pandemia: el impacto de la crisis y mirada de futuro en Chile / Rodrigo Palomo Vélez -- Lo primero, la relación laboral / Francisco Tapia Guerrero, Carmen Elena Domínguez -- Algunas aplicaciones del principio de buena fe en la normativa laboral sobre el COVID-19 / Alfredo Sierra Herrero, Roberto Cerón Reyes -- Análisis críticos de los aspectos previsionales contemplados en la Ley no. 21.227 / Gabriela Lanata Fuenzalida -- La suspensión convencional del contrato de trabajo en Chile / Raúl Fernández Toledo -- La suspensión del contrato de trabajo ante el acto de autoridad y el devenir del pago de las remuneraciones / Álvaro Domínguez Montoya -- La prevención de riesgos laborales durante la pandemia por la COVID-19 / Cayetano Núñez González -- Elementos para la caracterización del riesgo grave e inminente en el ordenamiento laboral chileno / Diego Rosas Bertin -- La culpa en la responsabilidad civil del empleador por contravención de la obligación de seguridad en contexto de la pandemia / Ricardo Concha Machuca -- El teletrabajo y su implementación con ocasión de la crisis sanitaria: reglas permanentes para un escenario de contingencia / Christian Melis Valencia -- El trabajo a distancia y el teletrabajo, una modalidad o contratación especial: análisis de la Ley no. 21.220 de 26 de marzo de 2020 / Patricio Mella Cabrera -- El derecho de desconexión en el teletrabajo y salud laboral en tiempos de pandemia / Yenny Pinto Sarmiento -- Pandemia COVID-19, la debacle económica, liquidación y reorganización de las empresas ante la crisis y sus efectos en el empleo / Francoise Etcheberry Parés -- Problemáticas de los cambios de titularidad por sucesión de empresas en el derecho del trabajo chileno / María Soledad Jofré Bustos -- Finiquito electrónico, Dirección del Trabajo y la banalidad de las formas jurídicas / Álvaro Domínguez Montoya, Rodolfo Walter Díaz -- El rol de los sindicatos en tiempos de crisis / Karla Varas Marchant -- A propósito de la suspensión de plazos en las relaciones colectivas de trabajo: una vez más, el control (o el intento de control) de la negociación colectiva y la rectificación a la propuesta de elecciones de las organizaciones de trabajadores / Irene Rojas Miño -- Naturaleza jurídica de los dictámenes de la Dirección del Trabajo: una mirada administrativista (a propósito del Dictamen no. 1.283/006 de 2020 de la Dirección del Trabajo en el contexto de COVID-19) / Fabián Huepe Artigas -- Delito de obtención fraudulenta de beneficios de la Ley no. 21.227 / Claudio Palavecino Cáceres -- El efecto en la justicia laboral del COVID-19 / Rodolfo Caballero Muñoz. |
| 520 ## - SUMARIO, ETC. |
| Sumario, etc. |
El presente libro es una obra colectiva que agrupa trabajos de investigación y ensayos académicos, enfocado en los efectos jurídicos de la pandemia en las relaciones de trabajo, observando, debatiendo y problematizando los cambios y vicisitudes que ha generado la enfermedad del COVID-19 en el mundo del trabajo y su regulación en nuestro país. Esta obra recopila 22 trabajos de académicos y académicas de distintas casas de estudios, a fin de exponer visiones y problemáticas sobre el Derecho del Trabajo y los efectos laborales de la crisis y emergencia sanitaria en Chile. |
| 650 #0 - PUNTO DE ACCESO ADICIONAL DE MATERIA--TÉRMINO DE MATERIA |
| Término de materia o nombre geográfico como elemento inicial |
Derecho del trabajo |
| Subdivisión geográfica |
Chile. |
| 9 (RLIN) |
7032 |
| 650 #0 - PUNTO DE ACCESO ADICIONAL DE MATERIA--TÉRMINO DE MATERIA |
| Término de materia o nombre geográfico como elemento inicial |
COVID-19 |
| Subdivisión general |
Legislación |
| Subdivisión geográfica |
Chile. |
| 9 (RLIN) |
34210 |
| 650 #0 - PUNTO DE ACCESO ADICIONAL DE MATERIA--TÉRMINO DE MATERIA |
| Término de materia o nombre geográfico como elemento inicial |
Coronavirus |
| 9 (RLIN) |
27202 |
| 650 #0 - PUNTO DE ACCESO ADICIONAL DE MATERIA--TÉRMINO DE MATERIA |
| Término de materia o nombre geográfico como elemento inicial |
Teletrabajo |
| 9 (RLIN) |
14316 |
| 650 #0 - PUNTO DE ACCESO ADICIONAL DE MATERIA--TÉRMINO DE MATERIA |
| Término de materia o nombre geográfico como elemento inicial |
Contratos de trabjo |
| 9 (RLIN) |
34211 |
| 700 1# - PUNTO DE ACCESO ADICIONAL--NOMBRE DE PERSONA |
| Nombre de persona |
Domínguez Montoya, Álvaro Eduardo, |
| Término indicativo de función/relación |
editor. |
| 9 (RLIN) |
34212 |
| 700 1# - PUNTO DE ACCESO ADICIONAL--NOMBRE DE PERSONA |
| Nombre de persona |
Rosas Bertín, Diego Ignacio, |
| Término indicativo de función/relación |
editor. |
| 9 (RLIN) |
34213 |
| 906 ## - ELEMENTOS DE DATOS F LOCAL, LDF (RLIN) |
| a |
7 |
| b |
cbc |
| c |
origres |
| d |
2 |
| e |
ncip |
| f |
20 |
| g |
y-gencatlg |
| 942 ## - ELEMENTOS DE PUNTO DE ACCESO ADICIONAL (KOHA) |
| Fuente del sistema de clasificación o colocación |
|
| Tipo de ítem Koha |
Libro |